| 000 | 004640000a22001810004500 | ||
|---|---|---|---|
| 003 | LK-CoMWRAF | ||
| 005 | 20231010140512.0 | ||
| 008 | 230817t ||||| |||| 00| 0 eng d | ||
| 040 |
_aLK-CoMWRAF _dLK-CoMWRAF _eLK-CoMWRAF |
||
| 041 | _aeng | ||
| 082 |
_a297 _bCRI |
||
| 245 | _aA Critical review of the book Soviet views on Islam | ||
| 260 |
_aColombo : _bMuslim Library, |
||
| 300 | _a54p | ||
| 650 | _aIslam | ||
| 700 |
_aAhamadeen,, P.H. _eed. |
||
| 942 | _cBK | ||
| 999 |
_c2327 _d2327 |
||